Dobrý den z Bratislavy : fejetony z Lidových novin a texty písní z pořadu Milana Markoviče Na šikmé ploše /

Hlavní autor: Štrasser, Ján, 1946-
Jazyk: Slovenština
Čeština
Vydáno: Brno : Petrov, 1997
Vydání: Vyd. 1.
Témata:
Externí odkaz: Digitalizovaný dokument
Fyzický popis: 299 s. ; 20 cm
Knihy
Uloženo v:
LEADER 01724nam a2200493 a 4500
001 000182178
003 CZ BrMZK
005 20210422054923.0
007 ta
008 960815s1997 xr e m cze d
015 |a cnb000211997 
020 |z 80-85247-93-X 
035 |a (OCoLC)37962065 
040 |a BOA001  |b cze 
041 1 |a cze  |a slo 
043 |a e-xo--- 
045 |a x9x9 
072 7 |a 821.162.4  |x Slovenská literatura  |2 Konspekt  |9 25 
080 |a 821.162.4-3  |2 MRF 
080 |a 316.72/.75  |2 MRF 
080 |a 316.7:32  |2 MRF 
080 |a (437.6)  |2 MRF 
080 |a (0:82-3)  |2 MRF 
080 |a (0:82-4)  |2 MRF 
080 |a (0:82-192)  |2 MRF 
080 |a (082.21)  |2 MRF 
100 1 |a Štrasser, Ján,  |d 1946-  |7 jn20000605253  |4 aut 
245 1 0 |a Dobrý den z Bratislavy :  |b fejetony z Lidových novin a texty písní z pořadu Milana Markoviče Na šikmé ploše /  |c Ján Štrasser 
250 |a Vyd. 1. 
260 |a Brno :  |b Petrov,  |c 1997 
300 |a 299 s. ;  |c 20 cm 
500 |a Text čes. nebo slov. 
648 4 |a 1994-1997 
648 7 |a 20. století  |7 ch460558  |2 czenas 
650 0 7 |a kultura a společnost  |7 ph122010  |z Slovensko  |y 20. století  |2 czenas 
650 0 7 |a kultura a politika  |7 ph234811  |z Slovensko  |y 20. století  |2 czenas 
655 7 |a slovenské prózy  |7 fd183401  |2 czenas 
655 7 |a fejetony  |7 fd132252  |2 czenas 
655 7 |a písňové texty  |7 fd133190  |2 czenas 
655 7 |a výbory  |7 fd133853  |2 czenas 
856 4 1 |u http://www.digitalniknihovna.cz/mzk/uuid/uuid:37129580-fabb-11e3-89c6-005056827e51  |y Digitalizovaný dokument  |x NDK 
910 |a BOA001  |b 2-1033.238 
990 |a BK 
996 6 |b 2610052843  |c 2-1033.238  |l MZK  |r Sklad / do 1 hodiny  |n 2  |p p.v.  |w 000182178  |u 000010  |a 1  |e BOA001  |j MZK50  |s P